[Event "World Rapid Women 2018"]
[Site "St Petersburg RUS"]
[Date "2018.12.26"]
[Round "2.41"]
[White "Mamedjarova, Turkan"]
[Black "Kabanova, Ekaterina"]
[Result "1-0"]
[WhiteTitle "WGM"]
[BlackTitle "WFM"]
[WhiteElo "2295"]
[BlackElo "2095"]
[WhiteFideId "13402005"]
[BlackFideId "24112917"]
[EventDate "2018.12.26"]

1. d4 c5 2. d5 e5 3. c4 d6 4. Nc3 Be7 5. e4 Nf6 6. Bd3 O-O 7. Nge2 Ne8 8. Qc2 g6
9. Bh6 Ng7 10. O-O Bg5 11. Bxg5 Qxg5 12. f4 exf4 13. Nxf4 Nd7 14. Nb5 Qe7 15.
Be2 a6 16. Nc3 Ne5 17. Rae1 Rb8 18. b3 Qg5 19. Kh1 Bd7 20. Nd3 Rbe8 21. Nxe5
Rxe5 22. a3 Rfe8 23. b4 b6 24. Bd3 Nh5 25. Qf2 R8e7 26. b5 axb5 27. cxb5 Be8 28.
Na4 Rb7 29. Nb2 Ree7 30. a4 Ra7 31. Bc2 Reb7 32. Nc4 Qe7 33. e5 dxe5 34. Rxe5
Qd8 35. d6 Ng7 36. Be4 Rb8 37. Bd5 Kh8 38. Qc2 Qh4 39. Re4 Qg5 40. Ne5 Nf5 41.
d7 Rxd7 42. Nxd7 Bxd7 43. Bxf7 Kg7 44. Bc4 Rf8 45. Qc3+ Kh6 46. Rf3 Rf6 47. Qe1
Rd6 48. Rd3 Rxd3 49. Bxd3 Bc8 50. Re2 Bb7 51. Bxf5 Qxf5 52. Re7 Bf3 53. Qe3+ 1-0

[Event "World Rapid Women 2018"]
[Site "St Petersburg RUS"]
[Date "2018.12.26"]
[Round "2.42"]
[White "Bezgodova, Svetlana"]
[Black "Guseva, Marina"]
[Result "0-1"]
[WhiteTitle "WIM"]
[BlackTitle "IM"]
[WhiteElo "2046"]
[BlackElo "2408"]
[WhiteFideId "4110650"]
[BlackFideId "4149351"]
[EventDate "2018.12.26"]

1. Nf3 d5 2. g3 Bg4 3. Bg2 Nd7 4. c4 e6 5. O-O c6 6. d3 Ngf6 7. Be3 Be7 8. Qb3
Qc8 9. Nc3 O-O 10. Rac1 Bxf3 11. Bxf3 Ne5 12. Bg2 Qd7 13. cxd5 exd5 14. Bf4 Bd6
15. e4 Nxd3 16. Nxd5 Nxc1 17. Nxf6+ gxf6 18. Bxc1 Rfd8 19. Qf3 Qe6 20. Qh5 Qe5
21. Qh4 Kf8 22. Qxh7 Ke7 23. Qh4 Rh8 24. Qg4 Rag8 25. Qf3 Qh5 26. Qxh5 Rxh5 27.
a3 a5 28. Re1 Rb5 29. Bf1 Rb6 30. Bc4 a4 31. Kg2 Rd8 32. Re2 Bc5 33. e5 Rd1 34.
exf6+ Kxf6 35. Rc2 Bd4 36. g4 Rxc1 37. Rxc1 Rxb2 38. h4 Bxf2 39. g5+ Kg7 40. Kh3
Bc5 41. Rf1 Rf2 42. Rd1 Bxa3 43. h5 b5 44. Bd3 Be7 45. h6+ Kf8 46. h7 Kg7 47.
Kg3 Rb2 48. Rh1 Kh8 49. g6 fxg6 50. Bxg6 Bf6 51. Re1 Kg7 52. Re6 Bd4 53. Rxc6 a3
54. Be4 a2 55. Rc7+ Kf8 56. Rc8+ Ke7 57. Ra8 Rb3+ 0-1

[Event "World Rapid Women 2018"]
[Site "St Petersburg RUS"]
[Date "2018.12.26"]
[Round "2.43"]
[White "Lysenko, Margarita"]
[Black "Charochkina, Daria"]
[Result "1-0"]
[WhiteTitle "WFM"]
[BlackTitle "IM"]
[WhiteElo "2190"]
[BlackElo "2344"]
[WhiteFideId "34100200"]
[BlackFideId "4180917"]
[EventDate "2018.12.26"]

1. c4 e5 2. Nc3 Nf6 3. Nf3 Nc6 4. g3 d5 5. cxd5 Nxd5 6. Bg2 Nb6 7. O-O Be7 8. d3
O-O 9. Be3 Re8 10. Rc1 Bf8 11. Ne4 Nd4 12. Nc5 Nxf3+ 13. Bxf3 Nd5 14. Bd2 b6 15.
Ne4 Bb7 16. Qb3 c5 17. Nxc5 Bxc5 18. Rxc5 bxc5 19. Qxb7 Nb6 20. Ba5 Qd4 21. b3
Qb2 22. Qa6 Qxa2 23. Bxa8 Nxa8 24. Qc6 Rf8 25. Qxc5 Qxe2 26. Bb4 Rd8 27. Qxa7
Qxd3 28. Qe7 h6 29. Re1 f6 30. Qe6+ Kh7 31. Qc4 Qxc4 32. bxc4 Rd4 33. Ra1 Rxc4
34. Be7 Nb6 35. Rb1 Nd5 36. Bf8 Rc7 37. Kg2 g5 38. Rd1 Rd7 39. Kg1 e4 40. Rc1 f5
41. Rc6 h5 42. Rh6+ Kg8 43. Bc5 Rc7 44. Bd4 Rc1+ 45. Kg2 f4 46. Rxh5 f3+ 47. Kh3
Kf7 48. Rxg5 Nb4 49. Re5 Nd3 50. Rxe4 Rc2 51. Kg4 Kg6 52. h4 Rc4 53. Kxf3 Kf5
54. g4+ Kg6 55. Ke3 Nb4 56. h5+ Kh7 57. f4 Nd5+ 58. Kd3 Ra4 59. Be5 Nb4+ 60. Ke2
Ra2+ 61. Kf3 Nd5 62. Re2 Ra3+ 63. Kf2 Nb4 64. Re3 Ra2+ 65. Kg3 Nd5 66. Rd3 Ra5
67. g5 Rb5 68. Kf3 Ra5 69. Ke4 Nb6 70. Rd6 Nc4 71. Rd7+ Kg8 72. h6 1-0

[Event "World Rapid Women 2018"]
[Site "St Petersburg RUS"]
[Date "2018.12.26"]
[Round "2.44"]
[White "Guichard, Pauline"]
[Black "Chernyak, Viktoria"]
[Result "1-0"]
[WhiteTitle "WGM"]
[BlackTitle "WFM"]
[WhiteElo "2378"]
[BlackElo "2186"]
[WhiteFideId "639370"]
[BlackFideId "24165956"]
[EventDate "2018.12.26"]

1. d4 d5 2. Bf4 Nf6 3. e3 c5 4. Nf3 Nc6 5. Nbd2 cxd4 6. exd4 Bf5 7. c3 h6 8. Bb5
e6 9. Ne5 Qb6 10. Qa4 Rc8 11. O-O Be7 12. c4 a6 13. Bxc6+ bxc6 14. c5 Qb5 15.
Qxb5 axb5 16. a4 bxa4 17. Rxa4 Ng4 18. Ra7 g5 19. Bg3 h5 20. Nxg4 Bxg4 21. Rfa1
Bf6 22. Bd6 h4 23. R1a4 h3 24. f3 Bf5 25. g4 Bd3 26. Kf2 Bb5 27. Rb4 Bd8 28. Nb1
Bf6 29. Nc3 Bc4 30. Ke3 Rh7 31. Rbb7 Bd8 32. Ra1 Rg7 33. b3 Bb5 34. Nxb5 cxb5
35. b4 Rg6 36. Raa7 f5 37. Rh7 Rg8 38. Rxh3 f4+ 39. Kd3 Bf6 40. Rh6 1-0

[Event "World Rapid Women 2018"]
[Site "St Petersburg RUS"]
[Date "2018.12.26"]
[Round "2.45"]
[White "Fominykh, Maria"]
[Black "Goltseva, Ekaterina"]
[Result "0-1"]
[WhiteTitle "WGM"]
[BlackTitle "WFM"]
[WhiteElo "2259"]
[BlackElo "2153"]
[WhiteFideId "4142411"]
[BlackFideId "24173770"]
[EventDate "2018.12.26"]

1. d4 d5 2. c4 dxc4 3. e3 e5 4. d5 Nf6 5. Nc3 a6 6. a4 b6 7. Bxc4 Bb7 8. Nge2
Bb4 9. O-O O-O 10. e4 Nbd7 11. Bg5 Be7 12. Bc1 Ne8 13. g3 Nd6 14. Ba2 Nc5 15.
Qc2 a5 16. Be3 Na6 17. Nb5 Nxb5 18. axb5 Nc5 19. Nc1 Qd7 20. Bc4 Bd6 21. Nb3
Nxb3 22. Qxb3 Qg4 23. f3 Qg6 24. g4 Bc8 25. h3 h5 26. Be2 f6 27. Kf2 hxg4 28.
hxg4 Kf7 29. Rh1 Bd7 30. Rh4 Rh8 31. Rah1 Rxh4 32. Rxh4 a4 33. Qc2 a3 34. bxa3
Rxa3 35. Bd3 Ke7 36. Rh1 Qe8 37. Rb1 Qa8 38. Rb2 Qa5 39. g5 Rc3 40. Qe2 Qa3 41.
gxf6+ gxf6 42. Ra2 Qb3 43. Rb2 Qa4 44. Ra2 Ra3 45. Rxa3 Qxa3 46. Qc2 Qb4 47. Bd2
Bc5+ 48. Ke2 Qd4 49. Kd1 Qf2 50. Be2 Qg1+ 51. Be1 Bb4 52. Kc1 Qxe1+ 53. Kb2 Bc5
54. Bc4 Qb4+ 55. Kc1 Bxb5 0-1

[Event "World Rapid Women 2018"]
[Site "St Petersburg RUS"]
[Date "2018.12.26"]
[Round "2.46"]
[White "Romanovskaya, Anna"]
[Black "Bogumil, Tatiana"]
[Result "1-0"]
[WhiteTitle "WFM"]
[BlackTitle "WGM"]
[WhiteElo "2210"]
[BlackElo "2114"]
[WhiteFideId "4164725"]
[BlackFideId "4110579"]
[EventDate "2018.12.26"]

1. e4 g6 2. f4 d5 3. e5 c5 4. Nf3 Nc6 5. d4 Bg4 6. dxc5 e6 7. Be3 Bxf3 8. Qxf3
d4 9. Bf2 Qa5+ 10. Nd2 Bxc5 11. Bc4 Nge7 12. O-O-O b5 13. Bb3 Rc8 14. Ne4 b4 15.
g4 Qb5 16. Nf6+ Kd8 17. Ne4 Kc7 18. Kb1 a5 19. Bg3 h5 20. Nd6 Qa6 21. Nxc8 hxg4
22. Qxg4 Kxc8 23. Ba4 Rh5 24. Bf2 Kc7 25. Qf3 Nf5 26. Qd3 Qb6 27. h3 Nce7 28.
Bb3 Qc6 29. c3 bxc3 30. bxc3 a4 31. Bc4 Nd5 32. Bxd5 Qxd5 33. Bxd4 Nxd4 34. cxd4
Qb7+ 35. Ka1 Bb4 36. Rc1+ Kd7 37. Rhd1 Rh8 38. d5 exd5 39. Qxd5+ Qxd5 40. Rxd5+
Ke6 41. Rd4 Rb8 42. Rc6+ Ke7 43. Rcc4 Ba3 44. Rc2 Bb4 45. a3 Bxa3 46. Rxa4 Bb4
47. Rc6 Rb7 48. Raa6 Bd2 49. Ra4 Be1 50. Ka2 Bg3 51. Ka3 Rd7 52. Kb3 Be1 53. Kc4
Bd2 54. Kb5 Rb7+ 55. Rb6 Rc7 56. Rf6 Be3 57. Raa6 Bd4 58. Rac6 Rb7+ 59. Kc4 Be3
60. Kd3 Bf2 61. Rfd6 Bg3 62. Rd4 g5 63. fxg5 Bxe5 64. Re4 Rb5 65. Kc4 Ra5 66.
Rc5 Rxc5+ 67. Kxc5 Ke6 68. h4 Kf5 69. Kd5 Bg3 70. Kd4 f6 71. g6 Be5+ 72. Ke3
Kxg6 73. Kf3 Kh5 74. Rc4 Bd6 75. Kg2 Be5 76. Kh3 Bd6 77. Ra4 Bc7 78. Rc4 Bd6 79.
Rc6 Be5 80. Ra6 Bc3 81. Rb6 Bd4 82. Rb5+ Be5 83. Ra5 Kg6 84. Kg4 Bc3 85. Rd5 Be5
86. h5+ Kh6 87. Rd1 Bc3 88. Kf5 Be5 89. Rg1 Bc3 90. Rg8 Kh7 91. Rg6 Be5 92. Ke6
Bc3 93. Kf7 Be5 94. h6 Bd4 95. Rg4 Be5 96. Rh4 Bc3 97. Ke6 Be5 98. Kf5 Bb2 99.
Rh1 Bd4 100. Kg4 Kg6 101. h7 f5+ 102. Kf3 Bh8 103. Kf4 Kf6 104. Rg1 Bg7 105. Rg2
Bh6+ 106. Kf3 Bg7 107. Rg1 Kf7 108. Rh1 Bh8 109. Rh5 Kg6 110. Rh2 Kf7 111. Kf4
Kf6 112. Ra2 Kg6 113. Rh2 Kf6 114. Ke3 Kg6 115. Kd3 Kf6 116. Kc4 Kg6 117. Kd5
Kf6 118. Rg2 Bg7 119. Rg1 Kf7 120. Rg2 Kf6 121. Kd4 Kf7+ 122. Ke3 Kf6 123. Kf3
Kf7 124. Kf4 Kf6 125. Rg3 Bh6+ 126. Kf3 Bg7 127. Kg2 Kf7 128. Kh3 Kf6 129. Kh4
f4 130. Rg4 f3 131. Kh5 f2 132. Rf4+ Ke7 133. Rxf2 Bf6 134. Rxf6 1-0

[Event "World Rapid Women 2018"]
[Site "St Petersburg RUS"]
[Date "2018.12.26"]
[Round "2.47"]
[White "Semenova, Elena1"]
[Black "Lelekova, Olga"]
[Result "1-0"]
[WhiteTitle "WIM"]
[BlackTitle "WIM"]
[WhiteElo "2260"]
[BlackElo "2261"]
[WhiteFideId "24125148"]
[BlackFideId "4164903"]
[EventDate "2018.12.26"]

1. e4 c5 2. Nf3 Nc6 3. Bb5 g6 4. Bxc6 bxc6 5. O-O Bg7 6. Re1 Nf6 7. c3 O-O 8. d4
cxd4 9. cxd4 d6 10. h3 Qb6 11. Nc3 Rd8 12. Qc2 Rb8 13. b3 Bd7 14. Be3 Qa5 15.
Rac1 Qh5 16. Ne2 Rdc8 17. Bg5 Bxh3 18. Nf4 Qg4 19. Nxh3 c5 20. d5 Rb4 21. Bxf6
Bxf6 22. e5 dxe5 23. Nxe5 Qh5 24. Qe2 Qh4 25. Rc4 Rxc4 26. Qxc4 Qh5 27. Qg4 Qxg4
28. Nxg4 Rd8 29. Nxf6+ exf6 30. Nf4 Rd7 31. Re8+ Kg7 32. Rc8 g5 33. Nh5+ Kg6 34.
g4 h6 35. Rg8+ 1-0

[Event "World Rapid Women 2018"]
[Site "St Petersburg RUS"]
[Date "2018.12.26"]
[Round "2.48"]
[White "Borisova, Ekaterina"]
[Black "Nakhbayeva, Guliskhan"]
[Result "0-1"]
[BlackTitle "IM"]
[WhiteElo "2244"]
[BlackElo "2371"]
[WhiteFideId "34124184"]
[BlackFideId "13704788"]
[EventDate "2018.12.26"]

1. d4 Nf6 2. c4 e6 3. g3 d5 4. Nf3 dxc4 5. Bg2 Bb4+ 6. Bd2 c5 7. Qc1 O-O 8. Bxb4
cxb4 9. Qxc4 Nc6 10. O-O Bd7 11. Nbd2 Rc8 12. Qd3 Qb6 13. Rfd1 Na5 14. e4 Bb5
15. Qe3 Rc2 16. b3 Rfc8 17. Qg5 h6 18. Qf4 Nc6 19. e5 Nd5 20. Qg4 Nc3 21. d5
Nxd1 22. Rxd1 Ne7 23. d6 Be2 24. dxe7 Bxd1 25. Ne4 Bxf3 26. Bxf3 Kh8 27. Qf4 Qb5
28. Kg2 Qe8 29. Nd6 Qxe7 30. Nxf7+ Kg8 31. Nd6 Rf8 32. Qxb4 Qg5 33. Qe4 Qd2 34.
Bh5 Rxf2+ 35. Kh3 Rxh2+ 36. Kg4 Qg5+ 0-1

[Event "World Rapid Women 2018"]
[Site "St Petersburg RUS"]
[Date "2018.12.26"]
[Round "2.49"]
[White "Gevorgyan, Maria"]
[Black "Smirnova, Ekaterina"]
[Result "1/2-1/2"]
[WhiteTitle "WIM"]
[BlackTitle "WFM"]
[WhiteElo "2228"]
[BlackElo "2192"]
[WhiteFideId "13300270"]
[BlackFideId "4110943"]
[EventDate "2018.12.26"]

1. e4 e6 2. d4 d5 3. Nc3 Bb4 4. e5 c5 5. Bd2 cxd4 6. Nb5 Bc5 7. b4 Be7 8. Qg4
Kf8 9. Nxd4 Nc6 10. Nxc6 bxc6 11. Nf3 h5 12. Qf4 Nh6 13. h3 Nf5 14. Rg1 h4 15.
Rb1 Rb8 16. g4 hxg3 17. fxg3 a5 18. g4 Nh4 19. Nxh4 Bxh4+ 20. Kd1 Be7 21. g5 g6
22. Bd3 Kg7 23. Rf1 Qe8 24. h4 axb4 25. Rb3 Ra8 26. Be2 Ba6 27. Rbf3 Rf8 28. h5
Bxe2+ 29. Kxe2 Rxa2 30. Qh4 Rh8 31. h6+ Kg8 32. Rxf7 Qxf7 33. Rxf7 Kxf7 34. Qf2+
Ke8 35. Qb6 Rxc2 36. Qb8+ Bd8 37. Kd3 Rxd2+ 38. Kxd2 c5 39. Ke3 Kf7 40. Kf3 Rf8
41. Qa7+ Be7 42. Kg4 Rh8 43. Qa2 c4 44. Qf2+ Ke8 45. Qf3 Rh7 46. Qe3 Rh8 47. Qb6
Kf7 48. Qb7 Rh7 49. Qb8 Bc5 50. Qd8 Be7 51. Qc8 b3 52. Qb8 Bc5 53. Qd8 Be7 54.
Qc8 Bb4 55. Kf3 Be7 56. Kf4 Bb4 57. Ke3 Be7 58. Qb7 Rh8 59. Kf4 Rh7 60. Ke3 Rh8
61. Kd4 Rh7 62. Kc3 Rh8 63. Qa7 Rh7 64. Qf2+ Ke8 65. Qf4 Rh8 66. Qh4 Rh7 67. Qf4
Rh8 68. Qe3 Rh7 69. Qf4 1/2-1/2

[Event "World Rapid Women 2018"]
[Site "St Petersburg RUS"]
[Date "2018.12.26"]
[Round "2.50"]
[White "Khomeriki, Nino"]
[Black "Petrova, Irina"]
[Result "1-0"]
[WhiteTitle "WIM"]
[BlackTitle "WIM"]
[WhiteElo "2347"]
[BlackElo "2124"]
[WhiteFideId "13603191"]
[BlackFideId "14124122"]
[EventDate "2018.12.26"]

1. d4 d5 2. Nf3 Nf6 3. c4 c6 4. cxd5 cxd5 5. Nc3 Nc6 6. Bf4 a6 7. e3 e6 8. Bd3
Be7 9. h3 O-O 10. O-O Bd7 11. Ne5 Rc8 12. Rc1 b5 13. Qe2 Qb6 14. a4 b4 15. Nb1
Nxe5 16. dxe5 Ne4 17. Bxe4 dxe4 18. b3 Bc6 19. Nd2 Bd5 20. Nc4 Qb7 21. Rc2 Bxc4
22. Rxc4 Rxc4 23. Qxc4 Rc8 24. Qe2 Rc3 25. Rb1 a5 26. Qb5 Qxb5 27. axb5 Rc5 28.
b6 Rb5 29. Ra1 g5 30. Bg3 Bd8 31. Rc1 Bxb6 32. Rc8+ Kg7 33. Rb8 a4 34. bxa4 b3
35. axb5 b2 36. Rxb6 b1=Q+ 37. Kh2 Qc2 38. Rd6 Qb3 39. h4 h6 40. hxg5 Qxb5 41.
gxh6+ Kxh6 42. Rd4 Qb7 43. Bh4 Kg6 44. g4 Qb1 45. Kg2 Qc2 46. Bf6 Qb1 47. Rd8
Qb7 48. Rg8+ Kh6 49. g5+ Kh5 50. g6 fxg6 51. Rh8+ 1-0

[Event "World Rapid Women 2018"]
[Site "St Petersburg RUS"]
[Date "2018.12.26"]
[Round "2.51"]
[White "Iljushina, Olga"]
[Black "Maltsevskaya, Aleksandra"]
[Result "0-1"]
[WhiteTitle "WGM"]
[BlackTitle "WGM"]
[WhiteElo "2259"]
[BlackElo "2243"]
[WhiteFideId "4152280"]
[BlackFideId "24174041"]
[EventDate "2018.12.26"]

1. d4 Nf6 2. c4 g6 3. Nc3 Bg7 4. e4 d6 5. h3 O-O 6. Be3 Na6 7. Nf3 c5 8. Be2
cxd4 9. Bxd4 Nc5 10. e5 Nfe4 11. exd6 Nxc3 12. dxe7 Qxe7 13. bxc3 Bxd4 14. cxd4
Ne4 15. Qb3 Nd6 16. c5 Nf5 17. g4 Ng7 18. Qe3 Qd8 19. O-O Re8 20. Qd2 Be6 21.
Bb5 Bd5 22. Ne5 Re7 23. Rae1 Ne6 24. f4 f6 25. Nf3 Bxf3 26. Rxe6 Rxe6 27. Rxf3
Kg7 28. d5 Re4 29. d6 Qc8 30. Qd5 Re1+ 31. Kf2 Rc1 32. Bc4 Rc2+ 33. Kg3 Qe8 34.
Qxb7+ Kh6 35. g5+ fxg5 36. fxg5+ Kxg5 37. Qe7+ Qxe7 38. dxe7 Re8 39. Bb3 Rxc5
40. Rf7 Rc3+ 41. Kf2 Rc7 42. Rxh7 Rcxe7 43. Rxe7 Rxe7 44. Kf3 Rc7 45. Kg3 Rc3+
46. Kg2 Kf4 47. Be6 Rc2+ 48. Kg1 Kf3 49. Bb3 Rb2 50. Be6 g5 51. Kh1 Kg3 0-1

[Event "World Rapid Women 2018"]
[Site "St Petersburg RUS"]
[Date "2018.12.26"]
[Round "2.52"]
[White "Badelka, Olga"]
[Black "Kosteniuk, Oksana"]
[Result "1-0"]
[WhiteTitle "WIM"]
[BlackTitle "WFM"]
[WhiteElo "2385"]
[BlackElo "2096"]
[WhiteFideId "13509926"]
[BlackFideId "4187725"]
[EventDate "2018.12.26"]

1. c4 c5 2. Nc3 Nc6 3. g3 d6 4. Bg2 Bd7 5. e3 Nf6 6. Nge2 g6 7. d3 Bg7 8. O-O
O-O 9. a3 a6 10. Rb1 Rb8 11. b4 cxb4 12. axb4 Na7 13. e4 b6 14. h3 h5 15. Be3
Qc8 16. Kh2 Be6 17. Qd2 Nh7 18. Nd5 Bxd5 19. exd5 Qd7 20. Qa2 Qc8 21. Nd4 b5 22.
Ne6 fxe6 23. Bxa7 Ra8 24. Be3 e5 25. c5 Qf5 26. Qb3 g5 27. Rbc1 g4 28. h4 Nf6
29. Bg5 Rfc8 30. c6 Rc7 31. Rc2 Kh7 32. Bxf6 Qxf6 33. f3 Qg6 34. fxg4 Qxg4 35.
Bh3 Qd4 36. Re2 Rf8 37. Bf5+ Kh8 38. Re4 Qa7 39. Qd1 Rf6 40. Qxh5+ Kg8 41. Rg4
e6 42. Bxe6+ Kf8 43. Rxf6+ Bxf6 44. Rg8+ 1-0

[Event "World Rapid Women 2018"]
[Site "St Petersburg RUS"]
[Date "2018.12.26"]
[Round "2.53"]
[White "Maroroa, Sue"]
[Black "Arutyunova, Diana"]
[Result "0-1"]
[WhiteTitle "WIM"]
[BlackTitle "WGM"]
[WhiteElo "2120"]
[BlackElo "2227"]
[WhiteFideId "4301498"]
[BlackFideId "14107244"]
[EventDate "2018.12.26"]

1. e4 d6 2. d4 Nf6 3. Nc3 c6 4. Be3 Qa5 5. Qd2 e5 6. O-O-O b5 7. f3 b4 8. Nb1
Be7 9. a3 c5 10. d5 O-O 11. g4 Nfd7 12. h4 Ba6 13. g5 Bxf1 14. Rxf1 Nb6 15. axb4
cxb4 16. Bxb6 Qxb6 17. Ne2 Nd7 18. Ng3 g6 19. h5 Qd8 20. Qh2 Bxg5+ 21. f4 exf4
22. Nd2 fxg3 23. Qxg3 Ne5 24. hxg6 Bxd2+ 25. Kxd2 fxg6 26. Qh3 Qd7 27. Qh6 Qg7
28. Qh3 Nc4+ 29. Ke2 Rfe8 30. Rf4 Nxb2 31. Rh4 Re7 32. Rb1 Na4 33. Rxb4 Nc5 34.
Qg3 a5 35. Rc4 Qe5 36. Qh3 Qxd5 37. Qc3 Qe5 38. Qh3 a4 39. Rc3 Nxe4 40. Re3 Ng3+ 0-1

[Event "World Rapid Women 2018"]
[Site "St Petersburg RUS"]
[Date "2018.12.26"]
[Round "2.54"]
[White "Maletina, Tatiana"]
[Black "Diakonova, Ekaterina"]
[Result "1-0"]
[WhiteTitle "WIM"]
[WhiteElo "2270"]
[BlackElo "2225"]
[WhiteFideId "24145084"]
[BlackFideId "24172936"]
[EventDate "2018.12.26"]

1. d4 d5 2. c4 c6 3. Nf3 Nf6 4. Qc2 dxc4 5. e4 Bg4 6. Bxc4 Bxf3 7. gxf3 e6 8.
Be3 Nbd7 9. Nc3 Qc7 10. O-O-O Nb6 11. Be2 Bb4 12. Kb1 O-O-O 13. a3 Be7 14. Rc1
a6 15. Qb3 Nbd7 16. d5 exd5 17. Nxd5 Nxd5 18. exd5 c5 19. d6 Bxd6 20. Qxf7 g6
21. Rhd1 b5 22. Qe6 Be5 23. Rxc5 Qxc5 24. Bxc5 Rhe8 25. Qxa6+ 1-0

[Event "World Rapid Women 2018"]
[Site "St Petersburg RUS"]
[Date "2018.12.26"]
[Round "2.55"]
[White "Sukhareva, Evgeniya"]
[Black "Tomashevskaya, Lidia"]
[Result "1-0"]
[BlackTitle "WIM"]
[WhiteElo "2126"]
[BlackElo "2123"]
[WhiteFideId "4167155"]
[BlackFideId "4113110"]
[EventDate "2018.12.26"]

1. d4 Nf6 2. c4 g6 3. Nc3 d5 4. cxd5 Nxd5 5. e4 Nxc3 6. bxc3 Bg7 7. Nf3 O-O 8.
Be3 c5 9. Be2 Qa5 10. Bd2 Nc6 11. O-O cxd4 12. cxd4 Qa3 13. Be3 Rd8 14. h3 Qb2
15. Rb1 Qxa2 16. d5 Ne5 17. Nd2 f5 18. f4 Nf7 19. Bc4 Qa3 20. Rb3 Qa5 21. e5 Qc7
22. d6 exd6 23. e6 d5 24. exf7+ Qxf7 25. Bd3 Be6 26. Rb1 b6 27. Nf3 d4 28. Bd2
Bd5 29. Re1 Qb7 30. Qe2 a5 31. Bc4 a4 32. Bxd5+ Qxd5 33. Qd3 a3 34. Rxb6 a2 35.
Ra1 Qc5 36. Rb2 Ra3 37. Rb3 Rda8 38. Ne5 Bxe5 39. fxe5 Kg7 40. e6 Rxb3 41. Qxb3
Ra3 42. Qb7+ Kf6 43. Bb4 Qa7 44. Qc8 d3+ 45. Kh1 d2 46. Qf8+ Kxe6 47. Bxa3 Qd4
48. Qe7+ Kd5 49. Qd6+ Kc4 50. Qe6+ Kb5 51. Qb3+ Kc6 52. Bb2 1-0

[Event "World Rapid Women 2018"]
[Site "St Petersburg RUS"]
[Date "2018.12.26"]
[Round "2.56"]
[White "Utiatskaja, Irina"]
[Black "Molchanova, Tatjana"]
[Result "1-0"]
[WhiteTitle "WIM"]
[BlackTitle "WGM"]
[WhiteElo "2246"]
[BlackElo "2245"]
[WhiteFideId "24140848"]
[BlackFideId "4132203"]
[EventDate "2018.12.26"]

1. e4 c6 2. d4 d5 3. Nd2 dxe4 4. Nxe4 Bf5 5. Ng3 Bg6 6. h4 h6 7. Nh3 Nf6 8. Nf4
Bh7 9. Bc4 e5 10. Qe2 Qxd4 11. O-O b5 12. Bb3 Nbd7 13. Rd1 Qc5 14. Nfh5 Qe7 15.
Qf3 Rc8 16. Nxf6+ Nxf6 17. Nf5 Bxf5 18. Qxf5 Rc7 19. Re1 e4 20. Bf4 g6 21. Qh3
Rd7 22. Rad1 Bg7 23. Rxd7 Nxd7 24. Rd1 f5 25. Qe3 c5 26. Bd5 Bd4 27. Qg3 Qf6 28.
c3 Be5 29. Bc6 Qxc6 30. Bxe5 Rh7 31. Rd6 Qb7 32. Qxg6+ Rf7 33. Re6+ Kf8 34. Bd6+ 1-0

[Event "World Rapid Women 2018"]
[Site "St Petersburg RUS"]
[Date "2018.12.26"]
[Round "2.57"]
[White "Belova, Olga"]
[Black "Vasilevich, Irina"]
[Result "1/2-1/2"]
[WhiteTitle "WFM"]
[BlackTitle "IM"]
[WhiteElo "2069"]
[BlackElo "2258"]
[WhiteFideId "4138422"]
[BlackFideId "4141296"]
[EventDate "2018.12.26"]

1. e4 c5 2. Nf3 e6 3. d4 cxd4 4. Nxd4 Nc6 5. Nc3 a6 6. Be2 Qc7 7. O-O Nf6 8. Be3
Bb4 9. Na4 Bd6 10. f4 Nxe4 11. Nxc6 Qxc6 12. Qd4 O-O 13. Bf3 f5 14. Bxe4 fxe4
15. Nb6 Rb8 16. Rad1 Be7 17. Qe5 d6 18. Nxc8 Qxc8 19. Qxe4 d5 20. Qd3 Bc5 21. c3
Bxe3+ 22. Qxe3 Rf6 23. f5 exf5 24. Rxd5 Qc6 25. Rdxf5 Re8 26. Rxf6 gxf6 27. Qd4
Re5 28. h4 Kg7 29. Qg4+ Kh8 30. Rd1 Qb6+ 31. Kh2 Qc7 32. Rd7 Re4+ 33. Rxc7 Rxg4
34. Kh3 Ra4 35. Rxb7 Rxa2 36. Kg4 Ra4+ 37. Kh5 Kg8 38. b4 a5 39. Kh6 axb4 40.
cxb4 Ra2 41. Rg7+ Kf8 42. Kxh7 Rb2 43. Rg4 Kf7 44. Kh6 f5 45. Rf4 Ke6 46. g4
fxg4 47. Rxg4 Kf5 48. Rg5+ Kf6 49. b5 Rb4 50. h5 Kf7 51. Rg7+ Kf8 52. Rb7 Rb1
53. b6 Rb2 54. Rb8+ Kf7 55. b7 Rb6+ 56. Kg5 Kg7 57. Kf5 Rb1 58. Ke6 Re1+ 59. Kd5
Rd1+ 60. Kc4 Rc1+ 61. Kb3 Rb1+ 62. Ka4 Ra1+ 63. Kb5 Rb1+ 64. Kc6 Rc1+ 65. Kd5
Rd1+ 66. Ke4 Rb1 67. Kd3 Kh7 68. h6 Rb2 69. Kc3 Rb6 70. Kc4 Rb1 71. Kc3 1/2-1/2

[Event "World Rapid Women 2018"]
[Site "St Petersburg RUS"]
[Date "2018.12.26"]
[Round "2.58"]
[White "Sudakova, Irina"]
[Black "Loskutova, Viktoriya"]
[Result "1-0"]
[WhiteTitle "WGM"]
[BlackTitle "WFM"]
[WhiteElo "2313"]
[BlackElo "2105"]
[WhiteFideId "4129903"]
[BlackFideId "34166278"]
[EventDate "2018.12.26"]

1. e4 c5 2. Ne2 d6 3. g3 Nc6 4. Bg2 g6 5. c3 Bg7 6. d4 cxd4 7. cxd4 Bg4 8. f3
Bd7 9. Nbc3 a6 10. d5 Na5 11. b3 b5 12. Bb2 Nf6 13. Qd2 O-O 14. O-O Qb6+ 15. Kh1
Nb7 16. b4 Rfc8 17. Nd1 a5 18. a3 axb4 19. axb4 Ra4 20. Ne3 Ne8 21. Bd4 Bxd4 22.
Nxd4 Qa7 23. Rac1 Ra2 24. Rc2 Rcxc2 25. Nexc2 Nd8 26. Qc3 Qc7 27. Qxc7 Nxc7 28.
Ra1 Rxa1+ 29. Nxa1 e6 30. dxe6 fxe6 31. Bh3 Kf7 32. Nac2 Nc6 33. f4 Nxd4 34.
Nxd4 Na6 35. Nc2 Bc6 36. Bg2 Ke7 37. Kg1 e5 38. Kf2 Nc7 39. Ke3 Bd7 40. Bf1 Na6
41. Kd2 Kf6 42. Kc3 Bc6 43. Bd3 Nc7 44. Ne3 Ke6 45. h4 d5 46. exd5+ Nxd5+ 47.
Nxd5 Kxd5 48. f5 Be8 49. fxg6 hxg6 50. g4 e4 51. Be2 Ke5 52. h5 gxh5 53. gxh5
Kf5 54. Kd4 Bc6 55. Kc5 Be8 56. Kd5 Bf7+ 57. Kd4 Be8 58. h6 Bg6 59. Bxb5 Kg5 60.
Bc6 Kxh6 61. Bxe4 Be8 62. Kc5 Ba4 63. Bc6 Bd1 64. b5 Be2 65. b6 Ba6 66. Bb5 Bb7
67. Kd6 Kg7 68. Kc7 Bf3 69. Bc6 1-0

[Event "World Rapid Women 2018"]
[Site "St Petersburg RUS"]
[Date "2018.12.26"]
[Round "2.59"]
[White "Kirchei, Viktoriia"]
[Black "Styazhkina, Anna"]
[Result "0-1"]
[BlackTitle "WIM"]
[WhiteElo "1972"]
[BlackElo "2274"]
[WhiteFideId "34133396"]
[BlackFideId "24119300"]
[EventDate "2018.12.26"]

1. e4 e5 2. Nf3 Nc6 3. Bb5 a6 4. Ba4 Nf6 5. O-O Bc5 6. c3 b5 7. Bc2 d5 8. exd5
Qxd5 9. Bb3 Qd6 10. d4 exd4 11. Re1+ Kf8 12. cxd4 Nxd4 13. Nxd4 Bxd4 14. Qf3 Rb8
15. Bf4 Qb6 16. Nc3 Bb7 17. Qg3 Rc8 18. Re2 b4 19. Na4 Qc6 20. Rc1 Qd7 21. Rxc7
Rxc7 22. Bxc7 Ne4 23. Qf4 g5 24. Qc1 Kg7 25. Nb6 Qg4 26. Qc4 Nd6 27. g3 Nxc4 28.
Bxc4 Qf3 0-1